[Event "Asian Academies Hybrid Chess-ch"]
[Site "Tornelo INT"]
[Date "2021.11.25"]
[Round "5.3"]
[White "Dashtpeima, Helia"]
[Black "Jussupov, Tamerlan"]
[Result "1-0"]
[WhiteElo "1278"]
[BlackElo "1093"]
[PlyCount "39"]
[EventDate "2021.11.21"]
[EventType "team-tourn"]
[EventRounds "7"]
[EventCountry "NET"]
[SourceTitle "EXT 2023"]
[Source "ChessBase"]
[SourceDate "2022.10.05"]
[SourceVersion "1"]
[SourceVersionDate "2022.10.05"]
[SourceQuality "1"]
[WhiteTeam "Pishgam Novin"]
[BlackTeam "Nur Sultan CA"]
[WhiteTeamCountry "IRI"]
[BlackTeamCountry "KAZ"]

1. d4 d5 2. Nf3 e6 3. e3 Nf6 4. Bd3 Bd6 5. Ne5 Nbd7 6. f4 Ne4 7. 0-0 Ndf6 8. Rf3 c5 9. c3 a6 10. Rh3 Bd7 11. Nd2 Nxd2 12. Bxd2 Ne4 13. Be1 f6 14. Qh5+ g6 15. Nxg6 Rf8 16. Ne5+ Ke7 17. Qxh7+ Ke8 18. Qg6+ Ke7 19. Rh7+ Rf7 20. Qxf7# 1-0